000
00232nam a22000857a 4500
008
160713b xxu||||| |||| 00| 0 eng d
100
_9
2733
_a
Wickenden, D
245
_a
Tobias Brandywine
260
_a
Chicago
_b
Peoples Book Club
_c
MCMXLVIII
999
_c
2374
_d
2374